000 00562nam a2200193 a 4500
001 000048092
003 DO-SdBNP
005 20240305131246.0
008 181114s 2018 dr a 000 spa d
020 _a9789945004991
040 _aDO-SdBNP
_bspa
_cBNPHU
082 4 _aBNPHU
_bG984m
100 1 _aGutiérrez Félix, Euclides,
_d1936-
_95673
245 1 4 _aLos magnicidios Dominicanos /
_cEuclides Gutierrez Félix
260 _aSanto Domingo :
_bCorripio,
_c2018.
300 _a239 p. :
_bil. ;
_c23 cm.
590 _aInventariado, 2018 / DG
942 _2ddc
_cLBS1
999 _c47580
_d47580